000 00324nam a22001337a 4500
999 _c8406
_d8406
003 OSt
005 20191023131111.0
008 191023b ||||| |||| 00| 0 eng d
040 _cDDC
082 _223
_a289.94
_bB261P
100 _a Barnett, Tommy; Coleman, Sarah Jepson
245 _aPortraits of vision
942 _2ddc
_cBK